Berni para niños y docentes

Guardado en:
Formato: Libro
Publicado: Buenos Aires : Ministerio de Educación, Ciencia y Tecnología
Series:Colección Educ.ar; No. 5
Materias:
Etiquetas: Agregar Etiqueta
Sin Etiquetas, Sea el primero en etiquetar este registro!
LEADER 00869nam a22002055a 4500
001 CEM.cems012799
005 20080526123650.0
008 130507b######################000#0#####d
003 CEMS
020 |a 9872145849 
082 0 4 |a CD370 
245 0 0 |a Berni para niños y docentes 
260 |a Buenos Aires :  |b Ministerio de Educación, Ciencia y Tecnología 
300 |a 1 CD-ROM 
490 0 |a Colección Educ.ar; No. 5 
505 0 |a Un conjuntos de recursos educativoss para abordar desde la computadora la obra de Antonio Berni. Galería de imágenes, información interactiva, propuestas didácticas, material multimedia, juegos y recursos web permiten trabajar distintos aspectos de la pintura de este artista argentino. 
653 |a Educación 
653 |a Arte-educación 
653 |a Bern, antonio 
859 |a CEMS  |b BIB. CEMS - 11 de abril  |h CD370  |i Ar37  |p 2185.44  |t Ej.1  |v 5  |3 5